书目信息 |
| 题名: |
曹操十讲
|
|
| 作者: | 梁龙 著 | |
| 分册: | ||
| 出版信息: | 哈尔滨 哈尔滨出版社 2007.06 |
|
| 页数: | 284页 | |
| 开本: | 23cm | |
| 丛书名: | 中国历史人物“十讲”系列图书 | |
| 单 册: | ||
| 中图分类: | K827=342 | |
| 科图分类: | ||
| 主题词: | ||
| 电子资源: | ||
| ISBN: | 978-7-80699-923-3 | |
| 000 | 00962nam 2200265 450 | |
| 001 | 012008634674 | |
| 005 | 20080421100724.34 | |
| 010 | @a978-7-80699-923-3@dCNY28.00 | |
| 100 | @a20080419d2007 em y0chiy0120 ea | |
| 101 | 0 | @achi |
| 102 | @aCN@b230000 | |
| 105 | @aa a 000yy | |
| 106 | @ar | |
| 200 | 1 | @a曹操十讲@Acao cao shi jiang@f梁龙著@Fliang long zhu |
| 210 | @a哈尔滨@c哈尔滨出版社@d2007.06 | |
| 215 | @a284页@c图@d23cm | |
| 225 | 0 | @a中国历史人物“十讲”系列图书@Azhong guo li shi ren wu“shi jiang”xi lie tu shu |
| 320 | @a有书目 (第284页) | |
| 330 | @a本书分为时势与命运:应劫而生的“奸雄”、青年政治家的霸道与霸权理论、皇帝是个挡箭牌、战场上的悲喜剧、宽容与猜忌:双重性格的人生命运、谋杀政敌的苦衷等十讲。 | |
| 410 | 0 | @12001 @a中国历史人物十讲系列图书 |
| 600 | 0 | @a曹操,@Acao cao@f155-220@x人物研究 |
| 690 | @aK827=342@v4 | |
| 701 | 0 | @a梁龙@Aliang long@4著 |
| 801 | 0 | @aCN@bQSSK@c20080421 |
| 905 | @b294145-47@dK827=342@eC106@f3 | |
| 曹操十讲/梁龙著.-哈尔滨:哈尔滨出版社,2007.06 |
| 284页:图;23cm.-(中国历史人物“十讲”系列图书) |
| ISBN 978-7-80699-923-3:CNY28.00 |
| 本书分为时势与命运:应劫而生的“奸雄”、青年政治家的霸道与霸权理论、皇帝是个挡箭牌、战场上的悲喜剧、宽容与猜忌:双重性格的人生命运、谋杀政敌的苦衷等十讲。 |
| ● |
| 相关链接 |
|
|
|
正题名:曹操十讲
索取号:K827=342/C106
 
预约/预借
| 序号 | 登录号 | 条形码 | 馆藏地/架位号 | 状态 | 备注 |
| 1 | 294145 | 202941451 | 社科库309/309社科库 57排7列6层/ [索取号:K827=342/C106] | 在馆 | |
| 2 | 294146 | 202941460 | 社科库309/309社科库 57排7列6层/ [索取号:K827=342/C106] | 在馆 | |
| 3 | 294147 | 202941479 | 社科库309/309社科库 57排7列6层/ [索取号:K827=342/C106] | 在馆 |